[Event "Dundee & Angus Open Rd3"]
[Site "?"]
[Date "2008.??.??"]
[Round "?"]
[White "Ruxton, Keith"]
[Black "Schwartz, Julius"]
[Result "1-0"]
[WhiteElo "2372"]
[BlackElo "1676"]
[PlyCount "45"]
[EventDate "2008.??.??"]

1. Nf3 d5 2. d4 c5 3. c4 Nf6 4. dxc5 e6 5. Bg5 Bxc5 6. e3 O-O 7. Nc3 dxc4 8.
Bxc4 a6 9. Qc2 b5 10. Bd3 h6 11. O-O-O hxg5 12. Be4 Nbd7 13. Bxa8 Qe7 14. Nxg5
Nb6 15. Bc6 Bb7 16. Bxb7 Qxb7 17. Nce4 Bxe3+ 18. fxe3 Rc8 19. Rd8+ Rxd8 20.
Nxf6+ gxf6 21. Qh7+ Kf8 22. Nxe6+ Ke8 23. Qg8+ 1-0

[Event "Dundee & Angus Open Rd3"]
[Site "?"]
[Date "2008.??.??"]
[Round "?"]
[White "Birkett, Richard"]
[Black "McBride, John"]
[Result "1-0"]
[WhiteElo "2138"]
[BlackElo "1810"]
[PlyCount "107"]
[EventDate "2008.??.??"]

1. e4 e6 2. d4 d5 3. Nd2 dxe4 4. Nxe4 Bd7 5. Nf3 Bc6 6. Bd3 Nd7 7. O-O Ngf6 8.
Nxf6+ Nxf6 9. Bg5 Be7 10. c3 Bxf3 11. Qxf3 c6 12. Rfe1 Nd5 13. Bxe7 Qxe7 14.
Rad1 Qf6 15. Qe4 Qf4 16. Qe2 O-O 17. g3 Qg5 18. h4 Qf6 19. Qe4 g6 20. Kg2 Qg7
21. Qe2 h5 22. Be4 Rad8 23. Bf3 Nf6 24. a4 a6 25. a5 Rd7 26. Qe5 Rfd8 27. Ra1
Ne8 28. Qc5 Qf8 29. Qc4 Qe7 30. Re5 Nd6 31. Qb3 Qf6 32. Rae1 Re8 33. Rg5 Kf8
34. Qb4 Ree7 35. Rge5 Nf5 36. R1e4 Rd5 37. Rxd5 cxd5 38. Re5 g5 39. Bxh5 gxh4
40. Bg4 Nh6 41. Bh3 hxg3 42. fxg3 Kg7 43. c4 dxc4 44. Qxc4 Rd7 45. Qc5 Qe7 46.
Rg5+ Kf8 47. Qe5 f6 48. Qf4 Rxd4 49. Qxd4 fxg5 50. Qh8+ Ng8 51. Qe5 Kf7 52. Bg4
Kg6 53. Qe4+ Kf6 54. Bh5 1-0

[Event "Dundee & Angus Open Rd3"]
[Site "?"]
[Date "2008.??.??"]
[Round "?"]
[White "MacGregor, Ian Ross"]
[Black "Hogg, Stephen W"]
[Result "1-0"]
[WhiteElo "1880"]
[BlackElo "1956"]
[PlyCount "95"]
[EventDate "2008.??.??"]

1. d4 Nf6 2. Nf3 e6 3. Bf4 c5 4. e3 cxd4 5. exd4 Be7 6. c4 d5 7. Nc3 O-O 8. c5
b6 9. b4 a5 10. a3 axb4 11. axb4 Rxa1 12. Qxa1 Nc6 13. Qa4 bxc5 14. Qxc6 cxb4
15. Nb1 Qa5 16. Bd3 b3+ 17. Bd2 Bb4 18. O-O Bd7 19. Bxb4 Qxb4 20. Qc3 Qxc3 21.
Nxc3 Rc8 22. Ne2 Ne4 23. Rb1 Ba4 24. Kf1 Nd6 25. Nd2 Nc4 26. Bxc4 dxc4 27. Nc3
Be8 28. Nde4 Rd8 29. Ne2 f6 30. Ke1 Bg6 31. f3 Ra8 32. N2c3 Rd8 33. Rd1 Bf7 34.
Rd2 Kf8 35. Kd1 Ke7 36. Kc1 h5 37. Kb2 h4 38. Nd1 h3 39. g3 f5 40. Nef2 e5 41.
Kc3 f4 42. Nxh3 fxg3 43. hxg3 Rh8 44. Ng5 exd4+ 45. Rxd4 Bg8 46. Nb2 Rh5 47.
Ne4 Rb5 48. Nd2 1-0

[Event "Dundee & Angus Open Rd3"]
[Site "?"]
[Date "2008.??.??"]
[Round "?"]
[White "Dawson, Alistair G"]
[Black "Campbell, Duncan A F"]
[Result "0-1"]
[WhiteElo "1776"]
[BlackElo "1857"]
[PlyCount "100"]
[EventDate "2008.??.??"]

1. e4 e6 2. c4 d5 3. Nc3 d4 4. Nb1 e5 5. d3 Bb4+ 6. Bd2 Qd6 7. a3 Bxd2+ 8. Nxd2
c5 9. Ngf3 Nc6 10. g3 Nf6 11. Bg2 Bd7 12. Qc2 h6 13. h3 g5 14. Rb1 Ke7 15. b4
cxb4 16. c5 Qc7 17. axb4 a5 18. bxa5 Rxa5 19. O-O Be6 20. Rb2 Nd7 21. Qb1 Rb8
22. Rc1 Rxc5 23. Nb3 Rxc1+ 24. Qxc1 Bxb3 25. Rxb3 Qa5 26. Nd2 Qc5 27. Qb2 b5
28. h4 g4 29. f4 b4 30. Nc4 Na5 31. Nxa5 Qxa5 32. Qc2 Nc5 33. Rb1 b3 34. Qb2
Qb4 35. Bf1 Na4 36. Qc1 Nc3 37. Rb2 Ra8 38. fxe5 Ra2 39. Qxh6 Rxb2 40. Qf6+ Ke8
41. Qc6+ Kd8 42. Qf6+ Kc8 43. Qxf7 Ne2+ 44. Kh1 Nxg3+ 45. Kg1 Rc2 46. Qe6+ Kb8
47. Qxg4 Nxf1 48. e6 Ne3 49. Qf4+ Kb7 50. Qf7+ Kb6 0-1

[Event "Dundee & Angus Open Rd4"]
[Site "?"]
[Date "2008.??.??"]
[Round "?"]
[White "McNab, Colin A"]
[Black "Spencer, Edwin A"]
[Result "1-0"]
[WhiteElo "2454"]
[BlackElo "2102"]
[PlyCount "73"]
[EventDate "2008.??.??"]

1. c4 e5 2. Nc3 Nc6 3. Nf3 Bb4 4. Nd5 e4 5. Nd4 Nxd4 6. Nxb4 Nf6 7. e3 Nc6 8.
Nxc6 dxc6 9. d4 O-O 10. b3 Qe7 11. Qc2 a5 12. a4 Re8 13. Ba3 Qe6 14. Be2 Qf5
15. h3 Rb8 16. g4 Qg6 17. Bb2 Nd7 18. h4 h6 19. g5 h5 20. Qd1 b5 21. Bxh5 Qh7
22. axb5 cxb5 23. c5 a4 24. Be2 Nf8 25. d5 Nd7 26. Qd4 Ne5 27. O-O-O Bg4 28.
Bxg4 Nxg4 29. g6 fxg6 30. h5 g5 31. Rhg1 Nf6 32. Rxg5 Rf8 33. Rdg1 Rf7 34. h6
Ne8 35. Rg6 axb3 36. Qxe4 Rd8 37. Bxg7 1-0

[Event "Dundee & Angus Open Rd4"]
[Site "?"]
[Date "2008.??.??"]
[Round "?"]
[White "Findlay, David J"]
[Black "Sreeves, Clement"]
[Result "0-1"]
[WhiteElo "2139"]
[BlackElo "1923"]
[PlyCount "46"]
[EventDate "2008.??.??"]

1. e4 c5 2. Nf3 d6 3. d4 cxd4 4. Nxd4 Nf6 5. Nc3 g6 6. g3 Nc6 7. Nde2 Bg7 8.
Bg2 O-O 9. O-O Rb8 10. a4 a6 11. h3 b5 12. axb5 axb5 13. Nd5 b4 14. Be3 Nd7 15.
Nd4 Bxd4 16. Bxd4 e6 17. Nxb4 Nxb4 18. Ba7 Rb7 19. Qxd6 Nxc2 20. Ra4 Nb6 21.
Qxd8 Rxd8 22. Bxb6 Rxb6 23. Rc1 Bd7 0-1

[Event "Dundee & Angus Open Rd4"]
[Site "?"]
[Date "2008.??.??"]
[Round "?"]
[White "Jacob, Gunnar"]
[Black "Neave, George"]
[Result "1-0"]
[WhiteElo "2346"]
[BlackElo "2059"]
[PlyCount "107"]
[EventDate "2008.??.??"]

1. d4 Nf6 2. c4 g6 3. Nc3 Bg7 4. e4 d6 5. Nf3 O-O 6. Be2 e5 7. d5 Na6 8. Nd2
Ne8 9. Rb1 f5 10. b4 Nf6 11. Qc2 Bh6 12. O-O Bxd2 13. Bxd2 Nxe4 14. Nxe4 fxe4
15. Rb3 Bf5 16. g4 e3 17. gxf5 exd2 18. fxg6 h6 19. Rg3 Kg7 20. Qxd2 Rf4 21. a3
Nb8 22. Bd3 Nd7 23. f3 Qh4 24. Kh1 Raf8 25. Qg2 Rd4 26. Rg4 Rxg4 27. fxg4 Rxf1+
28. Qxf1 Qf6 29. Qxf6+ Kxf6 30. h4 e4 31. Bxe4 Ne5 32. g5+ hxg5 33. h5 Kg7 34.
c5 Nd7 35. c6 bxc6 36. dxc6 Nf6 37. Bf3 g4 38. Be2 Nxh5 39. Bxg4 Kxg6 40. Kg2
Nf4+ 41. Kf3 Nd5 42. Bd7 Kf6 43. Ke4 Nb6 44. Bg4 Nc4 45. Be2 Nxa3 46. Bd3 Ke6
47. Kd4 d5 48. Kc5 Ke5 49. b5 Nc4 50. Bxc4 dxc4 51. Kxc4 Kd6 52. Kb4 a6 53.
bxa6 Kxc6 54. Ka5 1-0

[Event "Dundee & Angus Open Rd4"]
[Site "?"]
[Date "2008.??.??"]
[Round "?"]
[White "Robertson, Ian C"]
[Black "Romilly, Peter J"]
[Result "0-1"]
[WhiteElo "1978"]
[BlackElo "2233"]
[PlyCount "60"]
[EventDate "2008.??.??"]

1. d4 Nf6 2. Nf3 e6 3. e3 b6 4. Nbd2 Bb7 5. Bd3 c5 6. O-O Nc6 7. c3 Be7 8. Re1
d5 9. Ne5 O-O 10. f4 Nxe5 11. fxe5 Ne4 12. Qg4 f5 13. exf6 Nxf6 14. Qe2 Qd7 15.
Nf3 Bd6 16. Bd2 Rae8 17. Rad1 Qc7 18. Rf1 e5 19. dxe5 Bxe5 20. Nxe5 Rxe5 21.
Rf5 Rxf5 22. Bxf5 Qe5 23. Rf1 Bc8 24. Bxc8 Rxc8 25. c4 Qxb2 26. cxd5 c4 27. Qf2
c3 28. Qf5 Re8 29. Bc1 Qxa2 30. e4 Qc4 0-1

[Event "Dundee & Angus Open Rd4"]
[Site "?"]
[Date "2008.??.??"]
[Round "?"]
[White "Green, Andrew D"]
[Black "Lennox, C Jonathan"]
[Result "1-0"]
[WhiteElo "2100"]
[BlackElo "2084"]
[PlyCount "107"]
[EventDate "2008.??.??"]

1. e4 c5 2. Nf3 d6 3. d4 Nf6 4. Nc3 cxd4 5. Nxd4 a6 6. Be3 e6 7. f3 Be7 8. Qd2
O-O 9. g4 Nc6 10. O-O-O Nxd4 11. Qxd4 b5 12. h4 Bb7 13. g5 Nd7 14. h5 Bxg5 15.
Rg1 Bf6 16. Qxd6 Ne5 17. Qb4 Qc7 18. Be2 Rac8 19. Kb1 Nc4 20. Bg5 Bxg5 21. Rxg5
Rfd8 22. Rdg1 g6 23. Bxc4 bxc4 24. hxg6 hxg6 25. Ne2 c3 26. Nxc3 Ba8 27. e5 Kg7
28. Qh4 Kf8 29. Qh8+ Ke7 30. Qf6+ Ke8 31. R5g3 Qe7 32. Qh8+ Kd7 33. Qh6 Kc7 34.
Qe3 Kb8 35. Rg4 Qc5 36. Qf4 Rd7 37. Rc1 Bd5 38. Qa4 Qc6 39. Rb4+ Rb7 40. Nxd5
Qxd5 41. Rxb7+ Kxb7 42. Qb4+ Ka8 43. Qf4 Rc7 44. Rh1 Ka7 45. b3 Qc5 46. Qe4 Rd7
47. Kb2 Qd4+ 48. Qxd4+ Rxd4 49. Re1 Rf4 50. Re3 Kb6 51. c4 a5 52. Kc3 g5 53. a3
Rh4 54. b4 1-0

[Event "Dundee & Angus Open Rd4"]
[Site "?"]
[Date "2008.??.??"]
[Round "?"]
[White "Ferry, Edward"]
[Black "Ruxton, Keith"]
[Result "0-1"]
[WhiteElo "1885"]
[BlackElo "2373"]
[PlyCount "136"]
[EventDate "2008.??.??"]

1. e4 c5 2. Nf3 d6 3. d4 cxd4 4. Nxd4 Nf6 5. Nc3 a6 6. Bc4 e6 7. O-O b5 8. Bb3
Be7 9. Qe2 O-O 10. Rd1 Qc7 11. Be3 Nc6 12. Nxc6 Qxc6 13. f3 Bb7 14. Qf2 Rac8
15. a4 b4 16. Ne2 Qc7 17. Bb6 Qb8 18. a5 d5 19. exd5 Bxd5 20. Nd4 Bd6 21. g3
Qb7 22. Rd2 Bc7 23. Bxc7 Rxc7 24. Rad1 g6 25. Bxd5 Nxd5 26. Nb3 Rfc8 27. Re1
Rc4 28. Re4 Qc7 29. Rxc4 Qxc4 30. Qd4 Qc7 31. Kf2 h5 32. Re2 Ne7 33. Qxb4 Nf5
34. Qb6 Qc4 35. Rd2 h4 36. Rd8+ Rxd8 37. Qxd8+ Kh7 38. Qd3 Qc7 39. f4 Qa7+ 40.
Kg2 h3+ 41. Kxh3 Qf2 42. Qd2 Qf3 43. Nd4 Qf1+ 44. Qg2 Qxg2+ 45. Kxg2 Nxd4 46.
b4 Nxc2 47. b5 axb5 48. a6 Ne3+ 49. Kf3 Nd5 50. a7 Nb6 51. h4 Kg7 52. Ke4 Kf6
53. Kd4 b4 54. Kc5 b3 55. Kxb6 b2 56. a8=Q b1=Q+ 57. Kc5 Qg1+ 58. Kc4 Qxg3 59.
Qa1+ Kf5 60. Qe5+ Kg4 61. h5 gxh5 62. Qg5+ Kf3 63. Qxh5+ Qg4 64. Qxf7 Qxf4+ 65.
Qxf4+ Kxf4 66. Kd3 e5 67. Ke2 Ke4 68. Ke1 Ke3 0-1

[Event "Dundee & Angus Open Rd4"]
[Site "?"]
[Date "2008.??.??"]
[Round "?"]
[White "Grant, Alan G"]
[Black "MacGregor, Ian Ross"]
[Result "1-0"]
[WhiteElo "2221"]
[BlackElo "1880"]
[PlyCount "57"]
[EventDate "2008.??.??"]

1. e4 e6 2. d4 d5 3. Nc3 Nf6 4. exd5 exd5 5. Bd3 c6 6. Nge2 Bd6 7. Bg5 h6 8.
Bh4 O-O 9. Qd2 a5 10. f3 Re8 11. O-O-O b5 12. g4 a4 13. g5 Nh5 14. Rdg1 b4 15.
Nd1 b3 16. a3 Qe7 17. c3 Ba6 18. Bxa6 Nxa6 19. Rg2 Nc7 20. Bg3 Nb5 21. Bxd6
Nxd6 22. gxh6 Nc4 23. Qd3 Nxa3 24. Qf5 Nc4 25. Rxg7+ Nxg7 26. Rg1 a3 27. Rxg7+
Kf8 28. Rg8+ Kxg8 29. Qg4+ 1-0

[Event "Dundee & Angus Open Rd4"]
[Site "?"]
[Date "2008.??.??"]
[Round "?"]
[White "Tsang, Sai Kong"]
[Black "Birkett, Richard"]
[Result "0-1"]
[WhiteElo "1943"]
[BlackElo "2138"]
[PlyCount "56"]
[EventDate "2008.??.??"]

1. d4 d5 2. g3 c6 3. Bg2 f5 4. Nf3 Nf6 5. c4 e6 6. Nc3 Bd6 7. Qb3 O-O 8. O-O
Kh8 9. Bd2 Nbd7 10. cxd5 exd5 11. Rad1 Qe8 12. Bc1 Qh5 13. Rfe1 Nb6 14. Nd2 f4
15. e4 fxg3 16. fxg3 Ng4 17. h3 Bxg3 18. exd5 Bf2+ 19. Kh1 Bxe1 20. Rxe1 Nf2+
21. Kg1 Nxh3+ 22. Bxh3 Bxh3 23. Nce4 Rae8 24. Re3 Rxe4 25. Nxe4 Rf1+ 26. Kh2
Bd7+ 27. Kg2 Qh1+ 28. Kg3 Qh3# 0-1

[Event "Dundee & Angus Open Rd4"]
[Site "?"]
[Date "2008.??.??"]
[Round "?"]
[White "Campbell, Duncan A F"]
[Black "Forbes, Garry"]
[Result "1/2-1/2"]
[WhiteElo "1857"]
[BlackElo "1975"]
[PlyCount "30"]
[EventDate "2008.??.??"]

1. e4 g6 2. Nc3 Bg7 3. g3 d6 4. Bg2 Nf6 5. d3 O-O 6. h3 c5 7. Be3 Nbd7 8. Qd2
Re8 9. Bh6 Bh8 10. f4 Rb8 11. g4 Nf8 12. Nge2 b5 13. O-O e6 14. Ng3 Nxg4 15.
Bg5 Bd4+ 1/2-1/2

[Event "Dundee & Angus Open Rd4"]
[Site "?"]
[Date "2008.??.??"]
[Round "?"]
[White "Wilman, Carey A"]
[Black "McGregor, Lindsay A"]
[Result "1/2-1/2"]
[WhiteElo "1974"]
[BlackElo "1773"]
[PlyCount "71"]
[EventDate "2008.??.??"]

1. d4 Nf6 2. c4 c5 3. Nc3 cxd4 4. Qxd4 Nc6 5. Qd1 g6 6. e4 d6 7. Be2 Bg7 8. Nf3
O-O 9. O-O Qb6 10. Nd5 Nxd5 11. cxd5 Ne5 12. Nxe5 Bxe5 13. Rb1 f5 14. Bd3 fxe4
15. Bxe4 Bf5 16. Be3 Qa5 17. Bxf5 Rxf5 18. g4 Rf7 19. f4 Raf8 20. b4 Qxa2 21.
Rf2 Qa3 22. Rb3 Qa1 23. Qxa1 Bxa1 24. Ra3 Bf6 25. Rxa7 Bh4 26. Rc2 h5 27. gxh5
gxh5 28. Rxb7 Rf5 29. Rd2 Rc8 30. b5 Rc3 31. Bf2 Bxf2+ 32. Rxf2 Rxd5 33. Rxe7
Rc1+ 34. Kg2 Rxb5 35. Kh3 Rf5 36. Rd7 1/2-1/2

[Event "Dundee & Angus Open Rd4"]
[Site "?"]
[Date "2008.??.??"]
[Round "?"]
[White "Schwartz, Julius"]
[Black "Hookham, Jamie"]
[Result "1/2-1/2"]
[WhiteElo "1676"]
[BlackElo "1796"]
[PlyCount "56"]
[EventDate "2008.??.??"]

1. e4 c5 2. d4 cxd4 3. c3 Nf6 4. e5 Nd5 5. Nf3 e6 6. Bc4 Nb6 7. Bb3 d6 8. cxd4
dxe5 9. Nxe5 Bb4+ 10. Nc3 N8d7 11. Qg4 O-O 12. O-O Nf6 13. Qh4 Nbd7 14. Bc2 Be7
15. Bg5 g6 16. f4 Nd5 17. Ne4 Bxg5 18. Nxg5 N7f6 19. Qh6 Ne3 20. Be4 Nf5 21.
Bxf5 Qxd4+ 22. Kh1 exf5 23. Rf3 b6 24. Raf1 Bb7 25. Nxh7 Ng4 26. Nf6+ Nxf6 27.
Rh3 Nh5 28. Rxh5 gxh5 1/2-1/2

[Event "Dundee & Angus Open Rd4"]
[Site "?"]
[Date "2008.??.??"]
[Round "?"]
[White "Officer, Amy"]
[Black "McClement, Andrew"]
[Result "1/2-1/2"]
[WhiteElo "1766"]
[BlackElo "1939"]
[PlyCount "84"]
[EventDate "2008.??.??"]

1. e4 c5 2. Nc3 d6 3. g3 Nc6 4. Bg2 g6 5. d3 Bg7 6. Be3 e6 7. Qd2 Rb8 8. Nge2
Nge7 9. Bh6 O-O 10. h4 f5 11. h5 Rf7 12. hxg6 hxg6 13. Bxg7 Rxg7 14. Qg5 a6 15.
O-O-O Kf7 16. Rh2 Ng8 17. Qe3 Nf6 18. f3 b5 19. Rdh1 Bb7 20. Nf4 Nd4 21. exf5
exf5 22. Nce2 Nxe2+ 23. Qxe2 Qd7 24. Re1 Re8 25. Qd2 Rxe1+ 26. Qxe1 Qe7 27. Rh1
Qe5 28. Qf2 Nd5 29. Re1 Qf6 30. Re6 Qd8 31. Qe2 Nxf4 32. gxf4 Rg8 33. Kd2 Re8
34. Rxe8 Qxe8 35. Qxe8+ Kxe8 36. Ke3 Kd7 37. Bf1 Bd5 38. b3 Kc6 39. c4 Bf7 40.
d4 Kb6 41. d5 Ka5 42. a3 b4 1/2-1/2

[Event "Dundee & Angus Open Rd4"]
[Site "?"]
[Date "2008.??.??"]
[Round "?"]
[White "McBride, John"]
[Black "Dawson, Alistair G"]
[Result "1-0"]
[WhiteElo "1810"]
[BlackElo "1776"]
[PlyCount "83"]
[EventDate "2008.??.??"]

1. d4 c5 2. d5 e5 3. c4 d6 4. Nc3 Nf6 5. e4 g6 6. Be2 Bg7 7. Be3 a6 8. a4 Qa5
9. Qd2 Bg4 10. f3 Bd7 11. g4 h5 12. g5 Ng8 13. h4 Ne7 14. Bf1 O-O 15. Ra3 Kh7
16. Qh2 Ng8 17. Bd2 Qd8 18. a5 b6 19. axb6 Qxb6 20. Nb5 a5 21. Qf2 Ra6 22. Bc3
f5 23. gxf6 Nxf6 24. Qg3 Bh6 25. Bd2 Bxd2+ 26. Kxd2 Nxe4+ 27. fxe4 Rxf1 28. Rf3
Rxf3 29. Nxf3 Qd8 30. Ng5+ Kg7 31. Rf1 Bg4 32. Qxg4 hxg4 33. Ne6+ Kh6 34. Nxd8
Kh5 35. Rh1 Nd7 36. Nf7 Nf6 37. Ke3 Ne8 38. Kf2 Rb6 39. Kg3 Rb7 40. Ng5 Nc7 41.
Rf1 Nxb5 42. Rf8 1-0

[Event "Dundee & Angus Open Rd5"]
[Site "?"]
[Date "2008.??.??"]
[Round "?"]
[White "Sreeves, Clement"]
[Black "McNab, Colin A"]
[Result "1/2-1/2"]
[WhiteElo "1923"]
[BlackElo "2454"]
[PlyCount "48"]
[EventDate "2008.??.??"]

1. e4 g6 2. d4 d6 3. Nf3 Nf6 4. Nc3 Bg7 5. h3 c6 6. a4 Qc7 7. Be3 Nbd7 8. a5
O-O 9. Qd2 Rb8 10. Bd3 b5 11. axb6 axb6 12. O-O b5 13. Bh6 e5 14. Bxg7 Kxg7 15.
dxe5 dxe5 16. Qe3 b4 17. Ra7 Qb6 18. Qxb6 Rxb6 19. Na4 Rb8 20. Ra5 Re8 21. Nc5
Rb6 22. Na4 Rb8 23. Nc5 Rb6 24. Na4 Rb8 1/2-1/2

[Event "Dundee & Angus Open Rd5"]
[Site "?"]
[Date "2008.??.??"]
[Round "?"]
[White "Romilly, Peter J"]
[Black "Jacob, Gunnar"]
[Result "0-1"]
[WhiteElo "2233"]
[BlackElo "2346"]
[PlyCount "62"]
[EventDate "2008.??.??"]

1. e4 c5 2. Nf3 d6 3. d4 cxd4 4. Nxd4 Nf6 5. Nc3 a6 6. Bg5 e6 7. f4 Be7 8. Qf3
Qa5 9. O-O-O Bd7 10. e5 dxe5 11. fxe5 Nc6 12. Nxc6 Bxc6 13. Qg3 Nh5 14. Qh4
Bxg5+ 15. Qxg5 g6 16. Be2 h6 17. Qe3 Ng7 18. Bf3 Bxf3 19. gxf3 Nf5 20. Qe4 O-O
21. Rd7 b5 22. a3 Rac8 23. Rhd1 Qb6 24. Kb1 Qf2 25. Qb7 Rb8 26. Qxa6 Qxf3 27.
Nxb5 Qe2 28. a4 Qxe5 29. Ra7 Ne3 30. Rc1 Nc4 31. c3 Rb6 0-1

[Event "Dundee & Angus Open Rd5"]
[Site "?"]
[Date "2008.??.??"]
[Round "?"]
[White "Ruxton, Keith"]
[Black "Green, Andrew D"]
[Result "1/2-1/2"]
[WhiteElo "2373"]
[BlackElo "2100"]
[PlyCount "69"]
[EventDate "2008.??.??"]

1. d4 Nf6 2. c4 g6 3. Nc3 Bg7 4. e4 d6 5. f4 O-O 6. Nf3 c5 7. d5 Bg4 8. Be2 e6
9. e5 dxe5 10. fxe5 Nfd7 11. Bg5 Qa5 12. O-O exd5 13. Nxd5 Nc6 14. Nf6+ Nxf6
15. exf6 Rfd8 16. Nd2 Bxe2 17. Qxe2 Nd4 18. Qg4 Bf8 19. Ne4 Re8 20. Kh1 Qb6 21.
Rae1 Qxb2 22. Qh4 Nf5 23. Rxf5 gxf5 24. Bh6 Rxe4 25. Qg5+ Kh8 26. Bg7+ Kg8 27.
Bh6+ Kh8 28. Bg7+ Kg8 29. Bxf8+ Kxf8 30. Qg7+ Ke8 31. Rd1 Rd4 32. Re1+ Re4 33.
Rd1 Rd4 34. Re1+ Re4 35. Rd1 1/2-1/2

[Event "Dundee & Angus Open Rd5"]
[Site "?"]
[Date "2008.??.??"]
[Round "?"]
[White "Spencer, Edwin A"]
[Black "Grant, Alan G"]
[Result "1-0"]
[WhiteElo "2102"]
[BlackElo "2221"]
[PlyCount "51"]
[EventDate "2008.??.??"]

1. e4 c5 2. b4 b6 3. Nf3 Bb7 4. bxc5 bxc5 5. Nc3 Nc6 6. Rb1 Rb8 7. Bc4 e6 8.
O-O d6 9. d4 cxd4 10. Nxd4 Nge7 11. f4 g6 12. Ba3 Bg7 13. Nxc6 Bxc6 14. Nb5 d5
15. Nd6+ Kf8 16. Rxb8 Qxb8 17. exd5 exd5 18. Bd3 Bf6 19. f5 g5 20. Qh5 Be8 21.
Qh6+ Bg7 22. Qxg5 h6 23. Qh4 Be5 24. Nc4 f6 25. Nxe5 Qxe5 26. Re1 1-0

. Re1 1/2-1/2

[Event "Dundee & Angus Open Rd5"]
[Site "?"]
[Date "2008.??.??"]
[Round "?"]
[White "Birkett, Richard"]
[Black "Findlay, David J"]
[Result "0-1"]
[WhiteElo "2138"]
[BlackElo "2139"]
[PlyCount "107"]
[EventDate "2008.??.??"]

1. e4 e5 2. Nf3 d6 3. d4 exd4 4. Nxd4 g6 5. g3 Bg7 6. Bg2 Nf6 7. O-O O-O 8. c4
Re8 9. Nc3 Nbd7 10. f4 Nc5 11. e5 dxe5 12. fxe5 Ng4 13. Ndb5 c6 14. Nd6 Rxe5
15. Nxc8 Qxc8 16. Qf3 Rf5 17. Bf4 Bd4+ 18. Kh1 Nxh2 19. Kxh2 Rh5+ 20. Qxh5 gxh5
21. Rad1 Bxc3 22. bxc3 Qe6 23. Rfe1 Qxc4 24. Re5 Ne6 25. Bh6 Qg4 26. Rd6 h4 27.
Rdxe6 hxg3+ 28. Kg1 fxe6 29. Rg5+ Qxg5 30. Bxg5 Kf7 31. Bf3 Kg6 32. Bf4 Kf5 33.
Bxg3 Rd8 34. Be1 e5 35. Kf2 e4 36. Bg2 Kf4 37. Ke2 e3 38. Bh3 a5 39. c4 b5 40.
Bxa5 Rg8 41. cxb5 cxb5 42. Bd7 Rg2+ 43. Kd3 Rxa2 44. Bc7+ Kf3 45. Bc6+ Kf2 46.
Bf4 e2 47. Be3+ Kf1 48. Bxb5 e1=Q 49. Ke4+ Kg2 50. Bc6 Kg3 51. Kd4 Qb4+ 52. Kd5
Ra5+ 53. Ke6 Ra6 54. Kd5 0-1

[Event "Dundee & Angus Open Rd5"]
[Site "?"]
[Date "2008.??.??"]
[Round "?"]
[White "Lennox, C Jonathan"]
[Black "Rutherford, Elaine"]
[Result "1-0"]
[WhiteElo "2084"]
[BlackElo "2048"]
[PlyCount "115"]
[EventDate "2008.??.??"]

1. Nf3 Nf6 2. c4 d6 3. d4 g6 4. g3 Bg7 5. Bg2 O-O 6. O-O Nbd7 7. Nc3 c6 8. e4
e5 9. h3 Re8 10. Be3 Qe7 11. Re1 Nf8 12. Qc2 N6d7 13. Rad1 Nb6 14. b3 Qc7 15.
Kh2 Bd7 16. c5 dxc5 17. dxc5 Nc8 18. b4 Ne7 19. Rd6 Rad8 20. Red1 Nc8 21. R6d2
Bf6 22. Bf1 Be6 23. Bg5 Rxd2 24. Rxd2 Bxg5 25. Nxg5 Qe7 26. Nf3 a5 27. a3 axb4
28. axb4 Nd7 29. Na4 f6 30. Bc4 Nf8 31. Nb2 b5 32. Bxe6+ Nxe6 33. Qd1 Rd8 34.
Rxd8+ Qxd8 35. Qxd8+ Nxd8 36. Nd3 Kf7 37. Nd2 Ke6 38. Kg2 Ne7 39. f3 Ng8 40.
Kf2 f5 41. Ke3 Nf6 42. f4 fxe4 43. Nxe4 Nd5+ 44. Kf3 Nf7 45. h4 h6 46. g4 exf4
47. Nxf4+ Nxf4 48. Kxf4 Ne5 49. Nf2 Kd5 50. h5 g5+ 51. Kf5 Kd4 52. Kf6 Nc4 53.
Kg6 Ke3 54. Kxh6 Kxf2 55. Kxg5 Ne5 56. h6 Ke3 57. h7 Kd4 58. Kf6 1-0

-1/2

[Event "Dundee & Angus Open Rd5"]
[Site "?"]
[Date "2008.??.??"]
[Round "?"]
[White "Neave, George"]
[Black "Campbell, Duncan A F"]
[Result "1-0"]
[WhiteElo "2059"]
[BlackElo "1857"]
[PlyCount "71"]
[EventDate "2008.??.??"]

1. e4 e6 2. d4 d5 3. Nd2 Nf6 4. e5 Nfd7 5. c3 c5 6. Bd3 Nc6 7. Ne2 Qb6 8. Nf3
cxd4 9. cxd4 f6 10. exf6 Nxf6 11. O-O Bd6 12. Nc3 O-O 13. Be3 a6 14. a3 Bd7 15.
Ne5 Be8 16. b4 Bxe5 17. dxe5 d4 18. exf6 dxe3 19. fxg7 Rxf2 20. Rxf2 exf2+ 21.
Kh1 Ne5 22. Bf1 Qe3 23. Qd6 Bf7 24. Ne2 Kxg7 25. Rc1 Rf8 26. Rc3 Qe4 27. Qd2
Nc4 28. Qg5+ Bg6 29. Ng3 Qd4 30. Rxc4 Qd5 31. Rc7+ Kh8 32. Qh4 Rg8 33. Qf4 Bf5
34. Qxf2 Qd6 35. Qb2+ e5 36. Rc5 1-0

[Event "Dundee & Angus Open Rd5"]
[Site "?"]
[Date "2008.??.??"]
[Round "?"]
[White "Forbes, Garry"]
[Black "Robertson, Ian C"]
[Result "1/2-1/2"]
[WhiteElo "1975"]
[BlackElo "1978"]
[PlyCount "27"]
[EventDate "2008.??.??"]

1. d4 d5 2. Nf3 e6 3. e3 c6 4. Bd3 Bd6 5. O-O f5 6. b3 Nf6 7. Ba3 Bxa3 8. Nxa3
Nbd7 9. c4 Ne4 10. Bxe4 fxe4 11. Nd2 O-O 12. f3 exf3 13. Rxf3 Nf6 14. Nc2
1/2-1/2

[Event "Dundee & Angus Open Rd5"]
[Site "?"]
[Date "2008.??.??"]
[Round "?"]
[White "Hookham, Jamie"]
[Black "Wilman, Carey A"]
[Result "1-0"]
[WhiteElo "1796"]
[BlackElo "1974"]
[PlyCount "79"]
[EventDate "2008.??.??"]

1. e4 d6 2. d4 Nf6 3. Bd3 g6 4. c4 Bg7 5. Nc3 Nc6 6. Nge2 O-O 7. f3 e5 8. d5
Nb8 9. Be3 Nbd7 10. Qd2 Re8 11. Bh6 Nxe4 12. fxe4 Qh4+ 13. g3 Qxh6 14. Nb5
Qxd2+ 15. Kxd2 Bh6+ 16. Kc2 Rd8 17. Nxc7 Rb8 18. Nb5 Nc5 19. Nxa7 Bg4 20. Nc3
f5 21. b4 Na6 22. Kb3 f4 23. c5 Ra8 24. Bxa6 Rxa7 25. Be2 Bh3 26. Nb5 Raa8 27.
Bf3 dxc5 28. bxc5 Bf8 29. Rac1 Bd7 30. a4 fxg3 31. hxg3 Ra6 32. Rc2 Ra5 33. Be2
Rda8 34. c6 bxc6 35. dxc6 Bxc6 36. Rxc6 Rxa4 37. Bc4+ Kg7 38. Rc7+ Kf6 39. Rf7+
Kg5 40. Rxf8 1-0

[Event "Dundee & Angus Open Rd5"]
[Site "?"]
[Date "2008.??.??"]
[Round "?"]
[White "Hogg, Stephen W"]
[Black "McBride, John"]
[Result "1-0"]
[WhiteElo "1956"]
[BlackElo "1810"]
[PlyCount "71"]
[EventDate "2008.??.??"]

1. d4 d5 2. c4 e6 3. Nc3 Nf6 4. Bg5 c6 5. e3 Nbd7 6. cxd5 exd5 7. Bd3 Be7 8.
Qc2 h6 9. Bh4 O-O 10. Nge2 Re8 11. f3 Nf8 12. O-O Nh5 13. Bxe7 Qxe7 14. e4 dxe4
15. fxe4 Qg5 16. Kh1 Ng6 17. e5 Ngf4 18. Nxf4 Nxf4 19. Bh7+ Kh8 20. Ne4 Qg4 21.
Nd6 Rf8 22. Nxc8 g6 23. Qd2 Qxc8 24. Rxf4 Kxh7 25. Raf1 Qe8 26. Rh4 h5 27. Rf6
Kg7 28. Rxh5 Rh8 29. Rg5 Rd8 30. Qf4 c5 31. e6 fxe6 32. Qe5 Kh7 33. Rxe6 Rxd4
34. Re7+ Kh6 35. Rh5+ gxh5 36. Qg7# 1-0

[Event "Dundee & Angus Open Rd5"]
[Site "?"]
[Date "2008.??.??"]
[Round "?"]
[White "McGregor, Lindsay A"]
[Black "Tsang, Sai Kong"]
[Result "1-0"]
[WhiteElo "1773"]
[BlackElo "1943"]
[PlyCount "41"]
[EventDate "2008.??.??"]

1. e4 c5 2. Nf3 d6 3. d4 cxd4 4. Nxd4 Nf6 5. Nc3 a6 6. Be3 e6 7. Be2 Be7 8. O-O
O-O 9. f4 Qc7 10. Bf3 Nc6 11. Qe1 Re8 12. Rd1 Rb8 13. Qg3 Nd7 14. Bg4 Nf6 15.
Bf3 Bf8 16. e5 Nd7 17. Ne4 dxe5 18. fxe5 Ndxe5 19. Nf6+ Kh8 20. Nxe8 Qe7 21.
Bxc6 1-0

[Event "Dundee & Angus Open Rd5"]
[Site "?"]
[Date "2008.??.??"]
[Round "?"]
[White "MacGregor, Ian Ross"]
[Black "Officer, Amy"]
[Result "1-0"]
[WhiteElo "1880"]
[BlackElo "1766"]
[PlyCount "69"]
[EventDate "2008.??.??"]

1. d4 d5 2. Nf3 e6 3. Bf4 Nf6 4. e3 Be7 5. c4 c6 6. Nc3 a6 7. c5 Nh5 8. Be5 Nd7
9. Bd3 Nhf6 10. O-O Nxe5 11. Nxe5 Qc7 12. b4 O-O 13. a4 a5 14. b5 Bxc5 15. f4
Be7 16. bxc6 bxc6 17. Rc1 c5 18. Nb5 Qb6 19. g4 c4 20. Bc2 Nd7 21. Qf3 Re8 22.
Nxc4 Qb8 23. Ne5 Nf8 24. g5 Ng6 25. Qh5 Bd8 26. Rf3 Nxe5 27. Qxh7+ Kf8 28. fxe5
Bxg5 29. Qh8+ Ke7 30. Qxg7 Bxe3+ 31. Rxe3 Ba6 32. Rf3 Bxb5 33. Rxf7+ Kd8 34.
axb5 Qxb5 35. Qf6+ 1-0